Geography quiz - Statistics

General Stats
  • This quiz has been taken 43 times
  • The average score is 15 of 20
Answer Stats
Hint Answer % Correct
From which country is Wellington the capital city? New Zealand
94%
Which World Wonder is located on the border between the USAand Canada? Niagara Falls
94%
In which continent are the most Catholics? South America
92%
In which city in the USA is Walt Disney World located? Orlando
89%
What language do they speak in Brazil? Portuguese
89%
What is an island that is located southeast of China and is Speaking Chinese as language? Taiwan
89%
What is the youngest country in the world that exist since 2011? South Sudan
86%
From which country are these (🐻🍁🏒) emojis related to? Canada
81%
What is the biggest landlocked country? Kazakhstan
81%
Which island in Indonesia has the highest population? Java
78%
Which Australian state is an island? Tasmania
78%
How many countries in Europe have more than 15 million inhabitants? 10
69%
Which country in Europe has the highest GDP? Germany
69%
Which capital city that is located in the Caribbean Sea starts withthe letter N? Nassau
67%
What is the capital city of Costa Rica? San Jose
67%
What is the most populous city in Canada that starts with the letter W? Winnipeg
67%
🗾, what is this country? Japan
58%
What is the most populous city in Pakistan? Karachi
56%
How many inhabitants does the Netherlands have? (rounded tomillions) 18
31%
From which country is this (🇵🇪) the flag? Peru
25%
No matching quizzes found
Score Distribution
Percent of People with Each Score
Percentile by Number Answered
Your Score History
You have not taken this quiz